UM Logo

Coffeature Bazaar/ (Record no. 7276)

MARC details
000 -LEADER
fixed length control field 00780nam a22001937a 4500
008 - FIXED-LENGTH DATA ELEMENTS--GENERAL INFORMATION
fixed length control field 170815b xxu||||| |||| 00| 0 eng d
082 ## - DEWEY DECIMAL CLASSIFICATION NUMBER
Edition number 2016
Classification number UT 0837
Item number B86
100 ## - MAIN ENTRY--PERSONAL NAME
9 (RLIN) 22044
Personal name Bueno, Michelle A.
245 ## - TITLE STATEMENT
Title Coffeature Bazaar/
Statement of responsibility, etc. Michelle A. Bueno, Sigrid F. Cossid, Kathlene Mae B. Geloca, Mikee S. Genetializa, Mary Elienne V. Judilla and Cris Jones I. Leron.
260 ## - PUBLICATION, DISTRIBUTION, ETC. (IMPRINT)
Place of publication, distribution, etc. Digos City:
Name of publisher, distributor, etc. UMDC
Date of publication, distribution, etc. October 2016.
300 ## - PHYSICAL DESCRIPTION
Extent 50 pages;
Dimensions 29 cm.
650 #0 - SUBJECT ADDED ENTRY--TOPICAL TERM
9 (RLIN) 22045
Topical term or geographic name as entry element Business Administration
Form subdivision Financial Management
General subdivision Undergraduate thesis.
700 ## - ADDED ENTRY--PERSONAL NAME
9 (RLIN) 22046
Personal name Cossid, Sigrid F.
700 ## - ADDED ENTRY--PERSONAL NAME
9 (RLIN) 22047
Personal name Geloca, Kathlene Mae B.
700 ## - ADDED ENTRY--PERSONAL NAME
9 (RLIN) 22048
Personal name Genetializa, Mikee S.
700 ## - ADDED ENTRY--PERSONAL NAME
9 (RLIN) 22049
Personal name Judilla, Mary Elienne V.
700 ## - ADDED ENTRY--PERSONAL NAME
9 (RLIN) 22050
Personal name Leron, Cris Jones I.
942 ## - ADDED ENTRY ELEMENTS (KOHA)
Source of classification or shelving scheme Dewey Decimal Classification
Koha item type Undergraduate Thesis
Holdings
Withdrawn status Lost status Source of classification or shelving scheme Damaged status Not for loan Collection code Home library Current library Date acquired Total Checkouts Full call number Barcode Date last seen Copy number Price effective from Koha item type
    Dewey Decimal Classification     Undergraduate Theses UM Digos College - LIC UM Digos College - LIC 04/24/2017   UT 0837 B86 UT0837 08/15/2017 1 08/15/2017 Undergraduate Thesis